000 00705nam a22002297a 4500
003 UA-OsUOA
001 73054
007 ta
008 20110210b un ||||| |||| 00| 0 ukr d
100 _aЖукович І.А.
700 _aРижкова Ю.О.
090 _a330(477)
_bЖ86
942 _cSA
040 _aUA-OsUOA
_bukr
_cUA-OsUOA
_dUA-OsUOA
245 _aМетодологіні засади розрахунку індексу наукової продукції для України
300 _aС.57-61
955 _a0
041 _aukr
080 _a330(477)
773 0 _w73048
_tСтатистика України
_dК.
_d2010
_g4
650 7 _a330 Економіка взагалі
_2UDC
999 _c359336
_d359336